U.S. City Names Starting with U.S. City Names - Statistics

General Stats
  • This quiz has been taken 166 times
    46 since last reset
  • The average score is 31 of 50
Answer Stats
Hint Answer % Correct
D_____ D{ayton} Ohio 135,944
91%
D_____ D{ayton}a Beach Florida 77,958
91%
J______ J{ackson} Mississippi 145,995
91%
J______ J{ackson}ville Florida 971,319
91%
C_____ C{arson} California 92,388
89%
C_____ C{arson} City Nevada 58,130
89%
A___ A{llen} Texas 111,551
86%
A___ A{llen}town Pennsylvania 125,094
86%
W______ W{ichita} Kansas 396,192
84%
W______ W{ichita} Falls Texas 102,664
84%
A________ A{rlington} Texas 394,602
80%
A________ A{rlington} Heights Illinois 75,195
80%
C________ C{harlotte} North Carolina 897,720
80%
C________ C{harlotte}sville Virginia 45,373
80%
H_________ H{untington} West Virginia 45,746
77%
H_________ H{untington} Beach California 194,310
77%
R________ R{ochester} New York 209,352
77%
R________ R{ochester} Hills Michigan 75,936
77%
H________ H{enderson} Nevada 331,415
70%
H________ H{enderson}ville Tennessee 62,896
70%
P________ P{ittsburg} California 77,572
70%
P________ P{ittsburg}h Pennsylvania 302,898
70%
K___ K{ent} Washington 134,392
68%
K___ K{ent}wood Michigan 54,077
68%
B______ B{uffalo} New York 276,486
66%
B______ B{uffalo} Grove Illinois 42,569
66%
M______ M{ission} Texas 86,635
64%
M______ M{ission} Viejo California 91,776
64%
F_________ F{armington} New Mexico 46,127
55%
F_________ F{armington} Hills Michigan 82,737
55%
O______ O{akland} California 430,553
55%
O______ O{akland} Park Florida 43,824
55%
S_____ S{alina} Kansas 46,231
52%
S_____ S{alina}s California 161,020
52%
S_. _____ S{t. Louis} Missouri 286,578
52%
S_. _____ S{t. Louis} Park Minnesota 48,827
52%
S_. ______ S{t. Peters} Missouri 58,523
50%
S_. ______ S{t. Peters}burg Florida 261,256
50%
L___ L{ynn} Massachusetts 100,891
43%
L___ L{ynn}wood Washington 43,212
43%
S____ S{andy} Utah 93,022
34%
S____ S{andy} Springs Georgia 107,763
34%
C____ C{hico} California 101,299
32%
C____ C{hico}pee Massachusetts 54,980
32%
T_____ T{aylor} Michigan 62,258
27%
T_____ T{aylor}sville Utah 57,879
27%
E_____ E{dmond} Oklahoma 96,286
23%
E_____ E{dmond}s Washington 42,593
23%
M____ M{oore} Oklahoma 63,223
18%
M____ M{oore}sville North Carolina 52,656
18%
No matching quizzes found
Score Distribution
Percent of People with Each Score
Percentile by Number Answered
Your Score History
You have not taken this quiz since the last reset